| 000 | 00473nam a2200181 i 4500 | ||
|---|---|---|---|
| 001 | 49304 | ||
| 005 | 20230410143135.0 | ||
| 008 | 071108b1978 ru a 000 0 spa | ||
| 040 |
_aDRFGD _bspa |
||
| 041 | 0 | _aspa | |
| 050 | 1 | 4 | _abG554m 1978 |
| 100 | 1 | _aGlebov Vladimir | |
| 245 | 0 | 0 |
_aMaoísmo: _bconsignas y prácticas/ _cVladimir Glebov |
| 260 |
_aMoscú : _bAgencia de prensa nóvosti, _c1978 |
||
| 300 |
_a140 p. : _c16 cm. |
||
| 942 |
_2lcc _cbk |
||
| 946 | _aLspaulino | ||
| 999 |
_c96447 _d96447 |
||